Top 10 najpopularniejszych imion żeńskich na literę M - Statystyki

Ogólne statystyki
  • Ten quiz został rozwiązany 130 razy
  • Średni wynik to 7 z 10
Statystyki odpowiedzi
Miejsce Ile nadanych Imię % Poprawnych
3 434,573 Magdalena
86%
1 585,573 Maria
86%
5 289,773 Marta
81%
4 377,945 Monika
81%
2 577,214 Małgorzata
72%
7 142,405 Martyna
64%
6 179,730 Maja
54%
9 116,193 Marianna
52%
8 129,430 Marzena
45%
10 81,972 Mariola
41%
Nie znaleziono quizów pasujących do podanych kryteriów
Rozkład punktacji
Procent ludzi z każdym wynikiem
Percentyl według liczby udzielonych odpowiedzi
Twoja historia wyników
Nie rozwiązałeś tego quizu